000 01047nam a22003257a 4500
003 CHAP
005 20220329133703.0
008 971013s1992 r 00010 d
010 _a9505
011 _a10477
035 _a9714
040 _cCHAP
082 _a635.9
_bM55
100 0 0 _aMiller, William B.
_975809
245 _aEaster and hybrid lily production
_b: principles and practice
260 _aPortland, Oregon :
_bTimber Press,
_c1992
300 _a120 p.
_b: ilus
490 _aGrowers handbook series
_v; 5
590 _aBATCH-UPD
_b10
_c20130109
_lUCH01
_h2310
590 _aBATCH-UPD
_b10
_c20130110
_lUCH01
_h2150
590 _aBATCH-UPD
_b10
_c20130410
_lUCH01
_h1458
590 _aBATCH-UPD
_b10
_c20130914
_lUCH01
_h1619
590 _aCONVERSION
_b10
_c20130109
_lUCH01
_h1306
650 1 4 _aLiliáceas.
_966769
650 1 4 _aLilium longiflorun.
_966772
830 0 _aGrowers handbook series
_v; 5
_950843
901 _aBK
942 _cLIBRO
949 _a635.9 M55
_bBC
_cLIBRO
_d33724000253332
_eLIBRO
_gI. 172553
_h86078
_i9714
_si
_t105.00
999 _c9505
_d9505